Nový maďarský Zákonník práce: stanovené ciele a realita

Saved in:
Bibliographic Details
Main Author: Szüdi, Gábor
Other Authors: Kováčová, Jaroslava
Format: Book Chapter
Language:English
Subjects:
Tags: Add Tag
No Tags, Be the first to tag this record!

MARC

LEADER 00000nla a2200000 4500
001 0186627
005 20240502073204.2
041 0 |a eng 
044 |a SK 
245 1 0 |a Nový maďarský Zákonník práce: stanovené ciele a realita  |c Gábor Szüdi, Jaroslava Kováčová 
610 2 0 |a zákonník práce 
610 2 0 |a Maďarsko 
610 2 0 |a flexibilita 
610 2 0 |a trh práce 
610 2 0 |a konkurencieschopnosť 
100 1 |a Szüdi, Gábor 
700 1 |a Kováčová, Jaroslava